000 00890nas a2200277 4500
001 BR2010001877
003 BR-BrBNA
005 20231205114158.0
007 ta
008 230509b bl.|||p| |||| 00| 00por d
040 _aBR-BrBNA
_bpor
_cBiblioteca Nacional de Agricultura
041 _a(Pt)
072 _aL53
100 1 _aLopes, L.B.
100 1 _aOliveira Júnior, A.C.
100 1 _aLeite, R.C.
245 1 _aInfluência climática na eficiência reprodutiva de vacas Bos taurus e animais mestiços Bos taurus x Bos indicus
650 _aBOVINO
650 _aREPRODUÇÃO ANIMAL
650 _aCONDIÇÃO AMBIENTAL
650 _aTEMPERATURA
650 _aUMIDADE
773 0 _tRevista Brasileira de Medicina Veterinária (Brazil)
_xISSN 0100-2430
_g(Jul-Sep 2009), v. 31(3) p. 213-215
_wBR2010001877
909 _a202311
_bLúcia
_c55
_dLúcia Elande
942 _2AGRIS
_n0
_cANA
999 _c207453
_d207453